Mots en I par définition - Statistiques

Statistiques générales
  • Ce quiz a été pris 328 fois
    236 depuis la dernière actualisation
  • Le résultat moyen est 12 sur 20
Statistiques - réponses
Genre Définition Mot % Correct
Nom Féminin Espace de terre entouré d'eau de tous côtés. Île
99%
Nom Masculin Bloc de glace de grande taille flottant à la surface de la mer. Iceberg
92%
Nom Masculin Construction en neige, en forme de coupole, servant d'habitat saisonnier à certains groupes d'Esquimaux. Igloo
91%
Nom Masculin Disque coloré de la partie antérieure de l'œil, visible à travers la cornée, placé devant le cristallin et percé en son centre d'un orifice à diamètre variable, la pupille. Iris
90%
Nom Féminin Représentation d'une divinité sous une forme matérielle (image, statue), qui est l'objet d'un culte d'adoration. / Personne qui est l'objet d'une tendresse ou d'une admiration passionnée de la part de quelqu'un, et, en particulier, vedette de la chanson ou du music-hall adulée par le public. Idole
82%
Nom Masculin Particule chargée électriquement et formée d'un atome ou d'un groupe d'atomes ayant gagné ou perdu un ou plusieurs électrons. Ion
78%
Nom Féminin Coupure chirurgicale d'un tissu, réalisée à l'aide d'un instrument tranchant (bistouri ou bistouri électrique). Incision
72%
Nom Féminin Fait de ne pas savoir quelque chose, de ne pas être au courant de quelque chose. / Défaut de connaissances ou manque d'expérience portant sur un domaine donné. / Insuffisance générale de l'instruction, du savoir intellectuel. Ignorance
65%
Nom Féminin Reproduction d'un objet matériel donnée par un système optique et, en particulier, par une surface plane réfléchissante ou un miroir. Image
65%
Nom Masculin Corps constitué de gens de lettres, d'artistes, de savants. / Établissement de recherche scientifique, d'enseignement, etc. / Ensemble de personnes vivant sous une même règle religieuse ; titre porté par une « congrégation » de religieux non clercs ou de laïques. Institut
64%
Nom Masculin Téléphone à haut-parleur permettant des communications à courte distance, en général à l'intérieur du même bâtiment. Interphone
63%
Nom Féminin Manque d'intelligence, de bon sens, défaut de compréhension de quelqu'un. Idiotie
62%
Nom Féminin Emploi de formules magiques visant à produire un charme, un sortilège ; ces formules elles-mêmes. Incantation
53%
Nom Masculin Bande de terre étroite, située entre deux mers et réunissant deux terres. Isthme
51%
Nom Masculin Grand oiseau échassier (plataléidé) long de cou et de pattes (envergure jusqu'à 1,40 m), à bec mince et fortement recourbé, au plumage souvent d'un rouge orangé, se nourrissant d'insectes, grenouilles, mollusques et crustacés et nichant dans les arbres en colonies souvent nombreuses. Ibis
49%
Nom Masculin Elément chimique nécessaire à la synthèse des hormones de la glande thyroïde et qui a par ailleurs en médecine diverses utilisations, notamment comme antiseptique. Iode
44%
Nom Féminin Inspiration, intuition soudaine qui procure à quelqu'un la révélation d'une vérité, la réponse longtemps cherchée à une question Illumination
40%
Nom Féminin Relation quelconque, en particulier d'ordre affectif, qui se déroule dans un climat d'harmonie. Idylle
25%
Nom Plante (dioscoréacée) vivrière des régions tropicales, à rhizomes tubérisés comestibles, riches en amidon. Igname
23%
Nom et Adjectif Qui est ennemi de toute tradition, qui cherche à faire disparaître tout ce qui est le passé. Iconoclaste
18%
Aucun quiz correspondant
Distribution des résultats
% des personnes avec chaque résultat
Percentile par nombre de réponses
Votre historique - résultats
Vous n’avez pas pris ce quiz depuis la dernière actualisation